El dinero de Hitler / (Record no. 134016)

MARC details
000 -LEADER
campo de control de longitud fija 00629nam a2200193 i 4500
001 - NÚMERO DE CONTROL
campo de control 134016
003 - IDENTIFICADOR DE NÚMERO DE CONTROL
campo de control ES-MaACL
005 - FECHA Y HORA DE LA ÚLTIMA TRANSACCIÓN
campo de control 20230906194559.0
007 - CAMPO FIJO DE DESCRIPCIÓN FÍSICA--INFORMACIÓN GENERAL
campo de control de longitud fija t|
008 - DATOS DE LONGITUD FIJA--INFORMACIÓN GENERAL
campo de control de longitud fija 070904s1955 sp ||||1| spa d
080 ## - NÚMERO DE LA CLASIFICACIÓN DECIMAL UNIVERSAL
Número de la Clasificación Decimal Universal 943"1933/45"(047)
100 1# - ENTRADA PRINCIPAL--NOMBRE DE PERSONA
Nombre de persona Warburg, Sidney.
9 (RLIN) 116063
245 13 - MENCIÓN DEL TÍTULO
Título El dinero de Hitler /
Mención de responsabilidad, etc. Sidney Warburg ; prólogo y ampliaciones históricas de Mauricio Carlavilla, "Mauricio Karl".
260 ## - PUBLICACIÓN, DISTRIBUCIÓN, ETC.
Lugar de publicación, distribución, etc. Madrid :
Nombre del editor, distribuidor, etc. Nos,
Fecha de publicación, distribución, etc. 1955.
300 ## - DESCRIPCIÓN FÍSICA
Extensión 284 p., 2 lám. ;
Dimensiones 23 cm.
651 #4 - PUNTO DE ACCESO ADICIONAL DE MATERIA--NOMBRE GEOGRÁFICO
Nombre geográfico Alemania-
Subdivisión general Historia-
Subdivisión cronológica 1933-1945.
9 (RLIN) 7663
700 1# - ENTRADA AGREGADA--NOMBRE PERSONAL
Nombre de persona Carlavilla, Mauricio.
9 (RLIN) 35255
852 ## - LOCALIZACIÓN
Ubicación ES-MaACL
Número de control de estantería C-9953
Sublocalización o colección R.37575
Holdings
Estatus retirado Estado de pérdida Estado de daño No para préstamo Biblioteca de origen Biblioteca actual Ubicación en estantería Fecha de adquisición Fuente de adquisición Total de préstamos Signatura topográfica completa Código de barras Visto por última vez Precio de reemplazo Tipo de ítem Koha
        Biblioteca del Ateneo de Madrid Biblioteca del Ateneo de Madrid Sala Palomar 17/01/2008     C-9953 1139503 23/02/2023 23/02/2023 Libro impreso